Statistics for Religions of Albania

Click here to take the quiz!

General Stats

  • This quiz has been taken 76 times
  • The average score is 3 of 5

Answer Stats

Percentage Religion % Correct
10%Catholic Christian
93%
6%Orthodox Christian
82%
56%Sunni Islam
75%
2%Shia Islam
55%
15%No Religion
33%

Score Distribution

Percentile by Number Answered

Percent of People with Each Score

Your Score History

You have not taken this quiz